01235nab a22001937a 4500003000400000005001700004008004100021040000700062245015000069260007200219300001200291500003500303505042100338505008900759650001800848650002500866650003100891773011900922OSt20251209120004.0190502c xxu||||| |||| 00| 0 spa d cPJ10aLitigios estructurales. Un diálogo entre los casos "Verbitsky" y "Mendoza" de la Corte Suprema de Justicia de la Nación /cNazareno Capaccio. aCiudad Autónoma de Buenos Aires :bThomson Reuters La Ley,c2025. ap. 9-18 aCita Online: AR/DOC/1125/2025. aSumario: I. Introducción.— II. Un litigio estructural para un problema estructural.— III. La modificación de políticas públicas y prácticas institucionales en “Verbitsky”.— IV. El aspecto institucional de los procesos colectivos estructurales.— V. El control judicial en la etapa de ejecución y posculminación.— VI. El control democrático.— VII. Los desafíos a modo de conclusión. t¿Te interesa el texto completo? Solicitalo al correo: koha@justierradelfuego.gov.ar 0aDERECHO PENAL 0aPOLÍTICAS PUBLICAS 0aFALLOS DE LA CORTE SUPREMA0 02729dBuenos Aires : LexisNexis, 2006-tRevista de derecho penal y procesal penal. Nº 7 - Julio 2025z9875920622